Open Data Biblioteca Nacional de Portugal


República Portuguesa: Ministério da Cultura
Biblioteca Nacional de Portugal

Catálogo da BNP: acesso por Identificadores Unívocos
Registos Bibliográficos associados ao registo de autoridade

Etiqueta de registo: 00982cam 2200217 450
001 1077316
003 http://id.bnportugal.gov.pt/bib/catbnp/1077316
005 20020223123200.0
100 ## $a20020223d1841 k y0pory0103 ba
101 0# $apor
102 ## $aPT
105 ## $ay z 000yy
106 ## $ar
200 1# $aAllegações oraes na causa de contas do contracto do tabaco findo em 1837 entre partes, auctores, os socios Manoel Joaquim Pimenta, e Lino Silveira...$fadvogados Manoel Joaquim Pimenta, Abel Maria Jordão, Alberto Carlos Cerqueira de Faria
210 #9 $aLisboa$cNa Impr. de Galhardo e Irmãos,$d1841
215 ## $aV, 86, [6] p., [1] f. desdobr.$d26 cm
500 11 $aAlegações orais na causa de contas do contrato do tabaco findo em 1837 entre partes, autores, os sócios Manuel Joaquim Pimenta, e Lino Silveira...
700 #1 $aPimenta,$bManuel Joaquim$31030489
701 #1 $aFaria,$bAlberto Carlos Cerqueira de,$f1807-1884$4070$325850
701 #1 $aManso,$bAbel Maria Jordão de Paiva,$f1801-1868$31773694
801 #0 $aPT$bBN$gRPC
966 ## $lBN$mFGMON$sS.C. 1125//1 A. $x0
997 ## $aBIBEOD

Etiqueta de registo: 00230nam 2200025 450
001 1780609
003 http://id.bnportugal.gov.pt/bib/catbnp/1780609
100 ## $a20110524d1837 m y0pory0103 ba
101 0# $apor
102 ## $aPT
105 ## $ay z 000yy
106 ## $ar
200 1# $aRepertorio geral alfabetico da reforma judiciaria$fAbel Maria Jordão Paiva Manso
210 #9 $aLisboa$cTyp. Patriotica de C. J. da Silva,$d1837
215 ## $a180 p.$d16 cm
675 ## $a34(469)(058)$vBN$zpor$31540273
700 #1 $aManso,$bAbel Maria Jordão de Paiva,$f1801-1868$31773694
801 #0 $aPT$bBN$gRPC
966 ## $lBN$mFGMON$sS.C. 42199 P.$x3
997 ## $aBIBEOD

Etiqueta de registo: 00520cam 2200181 450
001 735975
003 http://id.bnportugal.gov.pt/bib/catbnp/735975
005 20001028160100.0
095 ## $aPTBN00523214
100 ## $a19931231d1856 k y0pory0103 ba
101 0# $apor
102 ## $aPT
200 1# $aPetição de recurso à coroa pelo... Arcebispo de Mitilene$fAbel Maria Jordão
210 #9 $aLisboa$cTip. do Panorama,$d1856
215 ## $a31 p.$d22 cm
700 #1 $aManso,$bAbel Maria Jordão de Paiva,$f1801-1868$31773694
801 #0 $aPT$bBN$gRPC
966 ## $lBN$mFGMON$sS.C. 10993//6 V.
966 ## $lBN$mFGMON$sS.C. 11856//8 V.
997 ## $aBIBEOD

Etiqueta de registo: 00254nbm 2200025 450
001 2283356
003 http://id.bnportugal.gov.pt/bib/catbnp/2283356
100 ## $a20260331d m y0pory01030103ba
101 0# $apor
102 ## $aPT
105 ## $ay z 000yy
106 ## $ah
200 1# $a [ Respostas do Desembargador Manuel Lopes de Oliveira dadas como Procurador da Coroa]$bManuscrito]
210 #1 $d[1688
215 ## $af.$d32 cm
300 ## $aCópia, com letra de varias mãos
304 ## $a"Este Livro he hum copiador autttografo do Procurador da Coroa o D[e]z[embarga]dor Manoel Lopes de Oliv[ei]ra q[ue] fez as notas ao repertorio da [...] " (nota autografa e assinada por Abel Maria Jordão Paiva Manso)
307 ## $aFragmentos intercalares colados; folhas brancas no final do códice (f. 195-233)
307 ## $aManchado pela acção da tinta ferrogálica e humidade
316 ## $aCota antiga: U-7-9
317 ## $a"Comprado em Novembro de 1872" (nota ms. a lápis na contracapa)
327 11 $a"Tabuada do q[ue] se, contem neste livro q[ue] he de alguas respostas q[ue] dei como Procurador da Coroa, e outras a sua Mag[esta]de sendo consultado"
700 #1 $aOliveira,$bManuel Lopes de,$f1638?-1711390$31994455
702 #1 $aManso,$bAbel Maria Jordão de Paiva,$f1801-1868$4390$31773694
801 #0 $aPT$bBN$gRPC
966 ## $lBN$mRESMAN$sCOD. 6977
971 ## $cmrosario$d20260401

OpendataBNP@bnportugal.pt | Mais informação sobre acesso aos dados BNP